Most Listened Music Artists on Spotify - Statistics

General Stats
  • This quiz has been taken 625 times
  • The average score is 14 of 20
Answer Stats
Rank Monthly Listeners Most Popular Song Artist % Correct
6 82.81 Shape of You Ed Sheeran
95%
1 114.84 Blinding Lights The Weeknd
92%
2 107.89 Blank Space Taylor Swift
87%
3 92.94 7 rings Ariana Grande
85%
8 76.41 All I Want for Christmas Is You Mariah Carey
80%
12 73.63 Lose Yourself Eminem
77%
5 82.97 One dance Drake
75%
19 65.75 Flowers Miley Cyrus
73%
11 75.40 Cheap Thrills Sia
73%
4 90.61 Love Yourself Justin Bieber
68%
14 71.89 Don't Start Now Dua Lipa
66%
7 81.11 We Found Love Rihanna
66%
9 76.41 Yellow Coldplay
64%
13 71.95 Titanium (feat. Sia) David Guetta
62%
18 65.80 Kill Bill SZA
62%
17 66.19 That's What I Like Bruno Mars
60%
16 67.34 Kiss Me More (feat. SZA) Doja Cat
54%
15 68.33 Happier Marshmello
51%
10 76.21 DÁKITI Bad Bunny
43%
20 65.43 Cold Heart - PNAU Remix Elton John
35%
No matching quizzes found
Score Distribution
Percent of People with Each Score
Percentile by Number Answered
Your Score History
You have not taken this quiz